Most democratic countries in 1900 - Statistics

General Stats
  • This quiz has been taken 79 times
    55 since last reset
  • The average score is 16 of 20
Answer Stats
Score Country % Correct
0.417 United Kingdom
100%
0.335 Sweden
98%
0.374 United States
98%
0.417 Norway
95%
0.227 Germany
93%
0.252 Italy
93%
0.463 France
91%
0.219 Austria-Hungary
88%
0.447 Belgium
88%
0.410 Canada
88%
0.536 Switzerland
88%
0.379 Denmark
86%
0.434 Netherlands
84%
0.260 Greece
77%
0.269 Argentina
67%
0.240 Chile
67%
0.196 Japan
67%
0.296 Uruguay
60%
0.215 Costa Rica
42%
0.184 Ecuador
37%
No matching quizzes found
Score Distribution
Percent of People with Each Score
Percentile by Number Answered
Your Score History
You have not taken this quiz since the last reset